000
00337nam a22001457a 4500
008
210302b ||||| |||| 00| 0 eng d
020
_a
0435084909
041
_a
eng
080
_a
37
082
_a
37
100
_a
46
101
_a
EDU
245
_a
More than Stories the range of childrens Writing
_c
Newkirk, Th.
942
_2
udc
_c
BK
999
_c
55514
_d
55514